Boeing Planes: Click quiz - Statistics

General Stats
  • This quiz has been taken 1,008 times
  • The average score is 8 of 10
Answer Stats
Hint Answer % Correct
Boeing Dreamlifter
91%
Boeing 747
90%
Boeing 737
85%
Boeing 717
76%
Boeing 787
75%
Boeing 707
74%
Boeing 777
72%
Boeing 757
67%
Boeing 727
66%
Boeing 767
64%
No matching quizzes found
Score Distribution
Percent of People with Each Score
Percentile by Number Answered
Your Score History
You have not taken this quiz